000
00218 a2200097 4500
001
127999
040
_c
Escola Canadense de Niteroi
100
_a
Carle, Eric
245
1
0
_a
Little Learning Library - 04 books
942
_c
BK
999
_c
127999
_d
127999